|
|
|
|
| LEADER |
02122nam a2200409 a 4500 |
| 001 |
000000428 |
| 005 |
00000000000000.0 |
| 008 |
020514s1817 xo e lat |
| FMT |
|
|
|
| 040 |
|
|
|a SVKKK
|b slo
|c SVKKK
|e AACR2
|
| 041 |
0 |
|
|a lat
|
| 044 |
|
|
|a xo
|c SK
|
| 080 |
|
|
|a 23
|
| 100 |
1 |
|
|a Kramer, František],
|d 1748-1818
|4 aut
|
| 245 |
1 |
0 |
|a Fragmentum Quartum, Historicum :
|b Fragmentum Quartum, Historicum, Ad Praecedentia Fragmenta De Neoterica Religionis Et Ecclesiae Catholicitate Subsidiarium, Cum Assiduis Ad Novissimam Aetatem Excursionibus, Complectens Periodum A Pythagora Usque Ad Adventum Jesu Christi. Authore Examinis Schediasmatis, De Sola Salvifica.
|
| 260 |
|
|
|a Tyrnaviae :
|b Typis Venceslai Jelinek, Caes. Reg. Priv. Typographi,
|c 1817
|
| 300 |
|
|
|a VIII,[6],328,[2] s. */7,A/8-U/8,X/4,Y/1 [=172] list.
|c 8°. 20x13 cm
|
| 500 |
|
|
|a V texte použité nemecké výrazy.
|
| 500 |
|
|
|a Autor podľa Hanakoviča.
|
| 500 |
|
|
|a Linky, verz. vo voľ. priestore na 1 r., typograf. ozdoby, kustódy.
|
| 508 |
|
|
|a Na zl. */2-*/4 úvod autora.
|
| 510 |
4 |
|
|a Petrik I/820 [pod Fragmentum]; Hanakovič II/598 [pod Krammer, F.]; Telgársky-Banská IV/2311 [pod Krammer, F]; Radváni 77/532 [pod Krammer, F.]; Podmanická 0; Telgársky 0; Kolodziejský 0; Rizner 0; Uherková 0; Pumprla 0; Dokoupil 0; Zelliger 0.
|
| 561 |
|
|
|a Peč.: Štátna vedecká knižnica v Košiciach; K. K Rechtsakad. Bibliothek In Kaschau; Kassai Kir. Jogakadémia Könyvtára. Tlač. exlibris: Kassai királyi jogakademia Könyvtára Szekrény szám V Osztalyzat g.
|
| 563 |
|
|
|a Pôvodná - lepenka, tmavý papier, na chrbte štítok so zlát. link. slepotlačou a textom "Krammer Fragmentu 4."
|
| 653 |
1 |
|
|a dogmatika
|
| 653 |
1 |
|
|a teológia
|
| 700 |
1 |
|
|a Jelínek, Václav,
|d 1788-1820
|4 prt
|
| 700 |
1 |
|
|a Kramer, František],
|d 1748-1818
|4 aui
|
| 710 |
0 |
|
|a Jelínek, Václav
|c Trnava
|4 prt
|
| 710 |
0 |
|
|a knižnice - Knižnica Právnickej akadémie
|c Košice
|4 sgn
|
| 752 |
|
|
|a Slovensko
|d Trnava
|
| 852 |
|
|
|p B 982a PA
|
| 904 |
|
|
|a a y aa yyyb 0001
|
| 905 |
|
|
|a fg a0cb
|
| 910 |
|
|
|a svkkk
|
| 998 |
|
|
|a TRNTL
|
| BAS |
|
|
|